000 00238nam a2200097Ia 4500
008 220204s9999 xx 000 0 und d
082 _a338.45:633.72(540)
_bTEA
245 4 _aThe tea industry in India
260 _bNABARD
_c2005
942 _cBK
999 _c44201
_d44201